000
00298nam a22001337a 4500
008
251229b ||||| |||| 00| 0 eng d
020
_a
9789951709071
041
_a
eng
080
_8
1th
_a
0001
100
_a
24
101
_a
gaz
245
_a
Trasmetuesi Publik
_c
Ferid Selimi
942
_2
udc
_c
BK
999
_c
60742
_d
60742